Loading...

Sthree /

Bibliographic Details
Main Author: Akilan
Format: Printed Book
Language:Malayalam
Published: P. K. Brothers , 1967.
LEADER 00419nam a2200133Ia 4500
008 150624b xxu||||| |||| 00| | mal d
100 |a Akilan 
245 |c Akilan  |a Sthree / 
260 |b P. K. Brothers ,  |c 1967. 
300 |a 163 p. 
546 |a In Malayalam. 
942 |c BK 
999 |c 75662  |d 75662 
952 |0 1  |1 0  |4 0  |6 891_000000000000000_4810372A1_STR_M  |7 0  |9 75606  |a UL  |b UL  |c ST1  |d 1998-08-28  |l 0  |o 891.4810372A1 STR M  |p 25292  |r 2012-10-27  |y BK